| 000 | 01064nam a2200217Ii 4500 | ||
|---|---|---|---|
| 003 | JO-AjNU | ||
| 008 | 230605s9999||||xx |||||||||||||| ||und|| | ||
| 040 |
_aJO-AjNU _bara _erda _cJO-AjNU |
||
| 041 | _aara | ||
| 050 | 1 | 4 | _aDS38.6.G42 2004 |
| 100 | 3 |
_aتاليف الغامدي، سعد بن محمد حذيفة , _eauthor _960360 |
|
| 245 | 0 | 0 | _aسقوط الدولة العباسية ودور الشيعة بين الحقيقه والاتهام :دراسة جديدة لفترة من تاريخ امتنا الاسلامية (549-656هـ) على مصادر اولية-اسلامية(عربية-وفارسية)واجنبية معاصرة |
| 250 | _aط3 | ||
| 264 | 3 | 1 | _aالسعودية: دار ابن حذيفة، 2004 |
| 300 | _a438ص | ||
| 336 |
_atext _btxt _2rdacontent |
||
| 337 |
_aunmediated _bn _2rdamedia |
||
| 338 |
_avolume _bnc _2rdacarrier |
||
| 490 | 0 | _aسلسلة تاريخ المغول والشرق العربي الاسلامي(2)دراسة تحليلية ونقدية واستنتاجية | |
| 650 | 4 |
_aعباسيون- تاريخ _960361 |
|
| 999 |
_aA27213 _c30781 _d30781 |
||